| 000 | 00488nam a2200181Ia 4500 | ||
|---|---|---|---|
| 008 | 120927t1956 xxu||||| |||| 00| 0 sin d | ||
| 041 | _asin | ||
| 080 |
_a8 S [3-053.2] (Youth) _bPER |
||
| 100 | _aPerera,P.B Alwis | ||
| 245 | _aකථා මුක්තාවලී | ||
| 246 | _aKatha Mukthawali | ||
| 260 |
_aGunasena _aColombo _c1956 |
||
| 300 | _b86p, ill, 18 cm | ||
| 700 |
_aKumaranayaka,Indra _etr. |
||
| 942 | _cBK | ||
| 999 |
_c39390 _d39390 |
||
| 003 | LK-CoDNM | ||
| 040 |
_aLK-CoDNM _dLK-CoDNM _eLK-CoDNM |
||